书目信息 |
| 题名: |
英汉集成电路辞典
|
|
| 作者: | 潘贵堂 主编 | |
| 分册: | ||
| 出版信息: | 北京 中国科学技术出版社 2000.01 |
|
| 页数: | 614页 | |
| 开本: | 20cm | |
| 丛书名: | ||
| 单 册: | ||
| 中图分类: | TN4-61 | |
| 科图分类: | ||
| 主题词: | 集成电路--英、汉--词典 | |
| 电子资源: | ||
| ISBN: | 7-5046-2334-2 | |
| 000 | 00799nam0 2200217 450 | |
| 001 | 0154183715 | |
| 005 | 20050906171600.66 | |
| 010 | @a7-5046-2334-2@dCNY50.00 | |
| 100 | @a20050330d2000 km y0chiy0120 ea | |
| 101 | 0 | @achi@aeng |
| 102 | @aCN@b110000 | |
| 105 | @aa z 000yy | |
| 200 | 1 | @a英汉集成电路辞典@Aying han ji cheng dian lu ci dian@f潘贵堂主编@Fpan gui tang zhu bian |
| 210 | @a北京@c中国科学技术出版社@d2000.01 | |
| 215 | @a614页@c图@d20cm | |
| 330 | @a本辞典以半导体集成电路为中心,结合相关领域,共收词条及有关词组3500目,涉及集成电路的特性,电子电路,集成电路的设计及制造工艺,集成电路的类型、检测及封装技术等内容。 | |
| 606 | 0 | @a集成电路@x英、汉@x词典 |
| 690 | @aTN4-61@v4 | |
| 701 | 0 | @a潘贵堂@Apan gui tang@4主编 |
| 801 | 0 | @aCN@bQSSK@c20050906 |
| 905 | @a10447@dTN4-61@eP126 | |
| 英汉集成电路辞典/潘贵堂主编.-北京:中国科学技术出版社,2000.01 |
| 614页:图;20cm |
| ISBN 7-5046-2334-2:CNY50.00 |
| 本辞典以半导体集成电路为中心,结合相关领域,共收词条及有关词组3500目,涉及集成电路的特性,电子电路,集成电路的设计及制造工艺,集成电路的类型、检测及封装技术等内容。 |
| ● |
| 相关链接 |
|
|
|
正题名:英汉集成电路辞典
索取号:TN4-61/P126
 
预约/预借
| 序号 | 登录号 | 条形码 | 馆藏地/架位号 | 状态 | 备注 |
| 1 | 561298 | 205612988 | 自科二线400A/400A自科库 1排2列4层/ [索取号:TN4-61/P126] | 在馆 | |
| 2 | 561299 | 205612997 | 自科库301/301自科库 19排4列2层/ [索取号:TN4-61/P126] | 在馆 |